000 00410nam a2200181Ia 4500
001 10007
005 20260306161800.0
008 260306t1998||||xx |||||||||||||| ||spa||
041 _aESP
082 _aPE 869.56
_bR74
100 _aRodríguez, José Manuel
_eAUT
245 0 _aEl anciano en el jardín
260 _c1998
300 _a
_c
650 _aGEN
654 _aCHU
942 _cLIB
_dJUS
_fJUS
_2ddc
_n
999 _c10007
_d10007